Statistiken für Alle deutschen Champions League Teilnehmer

Klicken Sie hier um das Quiz zu spielen!

Allgemein

  • Dieses Quiz wurde 3.635 mal gespielt
    (1.768 seit der letzten Aktualisierung)
  • Das Durchschnittsergebnis liegt bei 14 aus 16

Antwortstatistiken

Letzte
Teilnahme
Verein% Korrekt
2023/24Borussia Dortmund
100%
2023/24FC Bayern München
100%
2023/24RB Leipzig
98%
2023/241. FC Union Berlin
96%
2022/23Bayer 04 Leverkusen
96%
2006/07Hamburger SV
94%
2018/19FC Schalke 04
93%
2022/23Eintracht Frankfurt
92%
2021/22VfL Wolfsburg
89%
2010/11Werder Bremen
88%
2009/10VfB Stuttgart
87%
2018/19TSG 1899 Hoffenheim
76%
2020/21Borussia Mönchengladbach
72%
1999/00Hertha BSC
70%
1998/991. FC Kaiserslautern
69%
2000/01TSV 1860 München
35%

Verteilung der Resultate

Perzentil nach korrekt beantworteten Fragen

Anzahl Personen mit jedem Resultat

Ihre Resultats-Entwicklung

Sie haben dieses Quiz seit der letzten Aktualisierung nicht gespielt